Welcome to CU Library Online Public Access Catalogue (OPAC)

Quick Review in Anatomy and Physiology/ (Record no. 2390)

MARC details
000 -LEADER
fixed length control field 00521nam a22001697a 4500
005 - DATE AND TIME OF LATEST TRANSACTION
control field 20241217123733.0
008 - FIXED-LENGTH DATA ELEMENTS--GENERAL INFORMATION
fixed length control field 241217b |||||||| |||| 00| 0 eng d
020 ## - INTERNATIONAL STANDARD BOOK NUMBER
International Standard Book Number 9788184450088
050 ## - LIBRARY OF CONGRESS CALL NUMBER
Classification number QP35
Item number .J537
100 ## - MAIN ENTRY--PERSONAL NAME
Personal name Jain, Rita
245 ## - TITLE STATEMENT
Title Quick Review in Anatomy and Physiology/
Statement of responsibility, etc. Rita Jain, Neeraj Dhingra & Meenu Dhingra
260 ## - PUBLICATION, DISTRIBUTION, ETC.
Place of publication, distribution, etc. Delhi
Name of publisher, distributor, etc. Peepee Publishers and Distributors
Date of publication, distribution, etc. 2007
300 ## - PHYSICAL DESCRIPTION
Extent vi.442p.
Other physical details ill. some color
Dimensions 21cm
700 ## - ADDED ENTRY--PERSONAL NAME
Personal name Dhingra, Neeraj
700 ## - ADDED ENTRY--PERSONAL NAME
Personal name Dhingra, Meenu
942 ## - ADDED ENTRY ELEMENTS (KOHA)
Source of classification or shelving scheme Library of Congress Classification
Koha item type Books
Suppress in OPAC No
999 ## -
-- 2390
-- 2390
Holdings
Withdrawn status Lost status Source of classification or shelving scheme Damaged status Not for loan Collection Home library Current library Shelving location Date acquired Total checkouts Full call number Barcode Date last seen Copy number Price effective from Koha item type
    Library of Congress Classification     Non-fiction Science Library (Miotso) Science Library (Miotso) General stacks 12/17/2024   QP35 .J537 JAI SLM00001668 12/17/2024 1 12/17/2024 Books
    Library of Congress Classification     Non-fiction Science Library (Miotso) Science Library (Miotso) General stacks 12/17/2024   QP35 .J537 JAI SLM00001669 12/17/2024 2 12/17/2024 Books
© 2023-2024 Copyright: Central University Libraries. All Rights Reserved | Created by: Mahone Tech Office